Principles of Insect Morphology (Record no. 5602)

MARC details
000 -LEADER
fixed length control field 00371nam a22001577a 4500
005 - DATE AND TIME OF LATEST TRANSACTION
control field 20170925143915.0
008 - FIXED-LENGTH DATA ELEMENTS--GENERAL INFORMATION
fixed length control field 170925b xxu||||| |||| 00| 0 eng d
020 ## - INTERNATIONAL STANDARD BOOK NUMBER
ISBN 81-239-1136-X
041 ## - LANGUAGE CODE
Language code of text/sound track or separate title eng
082 ## - DEWEY DECIMAL CLASSIFICATION NUMBER
Classification number 571.3
100 ## - MAIN ENTRY--AUTHOR NAME
Personal name Snodgrass,R.E
245 ## - TITLE STATEMENT
Title Principles of Insect Morphology
260 ## - PUBLICATION, DISTRIBUTION, ETC. (IMPRINT)
Place of publication New Delhi
Name of publisher CBS Publisher
300 ## - PHYSICAL DESCRIPTION
Number of Pages 667
942 ## - ADDED ENTRY ELEMENTS (KOHA)
Koha item type Books
Holdings
Lost status Damaged status Collection code Home library Current library Shelving location Date acquired Source of acquisition Cost, normal purchase price Full call number Accession Number Koha item type
    Reference JRU Library JRU Library SHELF-2-E 25/09/2017 Purchase 495.00 571.3 22077 Books
    AGRICULTURE JRU Library JRU Library SHELF-46-F 25/09/2017 Purchase 495.00 571.3 22078 Books
    AGRICULTURE JRU Library JRU Library SHELF-46-F 25/09/2017 Purchase 495.00 571.3 22079 Books
    AGRICULTURE JRU Library JRU Library SHELF-46-F 25/09/2017 Purchase 495.00 571.3 22080 Books
    AGRICULTURE JRU Library JRU Library SHELF-46-F 25/09/2017 Purchase 495.00 571.3 22081 Books
    AGRICULTURE JRU Library JRU Library SHELF-46-F 25/09/2017 Purchase 495.00 571.3 22082 Books